000 00554nam a2200181 a 4500
001 000019232
005 20200929165945.0
008 100528s1991 ag r 000 p spa d
040 _aDO-SdBNP
_bspa
_cBNPHU
082 _aCu861.44
_bM939m
100 1 _aMozo, Emilio M.,
_d1941-
_941298
245 1 0 _aMarginalmente literario /
_cEmilio Mozo.
260 _aBuenos Aires, Argentina :
_bEditor Interamericano,
_c1991.
300 _a56 p. ;
_c18 cm.
650 4 _aPoesía cubana
_ySIGLO XX
_99139
650 4 _aLiteratura cubana
_ySIGLO XX
_99186
049 _aBNGR
999 _c18750
_d18750